| 000 | 02190nam0a2200373 4500 | ||
|---|---|---|---|
| 001 | RU\NLR\bibl\1383348 | ||
| 005 | 20260407203247.0 | ||
| 010 |
_a978-5-7692-1047-1 _9200 |
||
| 021 |
_aRU _b2009-31940 _91930 |
||
| 035 | _a(nilc)RSL-KNO-004316111 | ||
| 035 | _a(NLR Aleph) 001375423 | ||
| 090 |
_a1068333 _c1068333 |
||
| 100 | _a20090410d2009 |||y0rusy50 ca | ||
| 101 | 0 | _arus | |
| 102 | _aRU | ||
| 105 | _aa zzzz||||| | ||
| 200 | 1 |
_aОпределитель разновидностей мягкой и твердой пшениц _fРос. акад. наук, Сибирское отд-ние, Ин-т цитологии и генетики, ЦПК инвентаризации и хранения генколлекции растений, Вавиловское о-во генетиков и селекционеров, Секция селекции и генетики растений _gсост.: Н. П. Гончаров _gотв. ред.: В. К. Шумный |
|
| 210 |
_aНовосибирск _cИзд-во Сибирского отд-ния Российской акад. наук _d2009 |
||
| 215 |
_a65, [2] с. _cил. _d20 |
||
| 320 | _aБиблиогр. в конце кн. | ||
| 606 | 1 |
_aМягкая пшеница _jОпределители _xВиды _92558932 _3RU\NLR\auth\661513798 |
|
| 606 | 1 |
_aТвёрдая пшеница _jОпределители _xВиды _92558935 _3RU\NLR\auth\661513799 |
|
| 686 |
_aП212.1я28 _2rubbk |
||
| 686 | _aП212.1я28 | ||
| 702 | 1 |
_4220 _7ca _8rus _aГончаров _bН. П. _cд-р биол. наук _f1959- _gНиколай Петрович _9185243 _3RU\NLR\AUTH\770185294 |
|
| 702 | 1 |
_aШумный _bВ. К. _gВладимир Константинович _4340 |
|
| 712 | 0 | 2 |
_4570 _aИнститут цитологии и генетики _bЦентр коллективного пользования инвентаризации и хранения генколлекций растений _cНовосибирск _9766022 _3RU\NLR\AUTH\8810135019 |
| 801 | 0 |
_aRU _bРКП _c20090410 |
|
| 801 | 1 |
_aRU _bРГБ _c20090410 |
|
| 801 | 2 |
_aRU _bNLR _c20090618 _grcr |
|
| 942 | _cBOOK | ||
| 980 | _aNB | ||